[Event "Botvinnik Mem Match"]
[Site "Moscow RUS"]
[Date "2001.12.02"]
[Round "2"]
[White "Kasparov, Garry"]
[Black "Kramnik, Vladimir"]
[Result "1/2-1/2"]
[WhiteElo "2838"]
[BlackElo "2809"]
[Annotator "Rodríguez, Am"]
[PlyCount "143"]
[EventDate "2001.12.01"]
[EventType "team"]
[Source "EDAMI"]
[SourceDate "2006.12.20"]

{Esta fue la partida más excitante del match, una verdadera lucha entre
campeones. Kasparov estuvo claramente mejor durante todo el medio juego pero
en el final cayó bajo la presión de Kramnik. El final de esta partida resulta
muy difícil de comentar y será necesario esperar por la notas de alguno de
ellos, lo que si es cierto es que Kasparov escapa por los pelos y no descarto
que Kramnik haya pasado por alto algún gane sutil.} 1. e4 c5 2. Nf3 e6 3. d4
cxd4 4. Nxd4 a6 5. c4 {No recuerdo haber visto esta jugada en partidas
anteriores de Kasparov. La jugada universal es 5.Bd3} Nf6 6. Nc3 Qc7 7. a3 d6
8. Be3 b6 9. Rc1 Nbd7 10. Be2 Bb7 11. f3 Be7 12. O-O O-O {Una posición típica
del llamado sistema erizo que se alcanza a través de varias aperturas, muy
frecuentemente la Inglesa. Las blancas dominan el centro y tienen ventaja de
espacio, pero progresar no es nada fácil al punto que el propio Kramnik con
blancas fue vencido por Leko en el match que ambos disputaron a comienzos de
año en Budapest.} 13. Kh1 Rac8 14. b4 Qb8 15. Qd2 Bd8 {
El alfil se dirige hacia c7 para potenciar d6-d5} ({
Otro plan de juego habitual comienza con} 15... Rfe8 {y en este caso el alfil
se retira a f8 y en muchas ocasiones se fiancheta por medio de g6 y Bg7}) 16.
Rc2 Re8 17. Na4 Bc7 18. Bg1 Rcd8 {Las negras deciden esperar.} (18... d5 $6 19.
exd5 exd5 20. c5 Bf4 21. Qd1 {y la posición blancas se ve muy favorable}) 19.
Rb1 {Kasparov ha empleado una forma muy novedosa de tratar esta variante,
llevando una torre a c2 y la otra a b1. No se vislumbra nada fácil para las
negras como solucionar sus problemas, mientras que las blancas comienzan ya a
amagar con la ruptura en c5.} Ba8 20. Qc1 h6 21. Nb2 Nf8 22. Nd3 Ng6 {
Ambos rivales han sido cautos evitando cualquier acción inmediata, sin embargo
Kasparov ha sacado la mejor parte, sus piezas mayores estánsituadasóptimamente
en el flanco dama, donde la dama negra se nota bastante incómoda.} 23. a4 $1
Qc8 {Kasparov chose} 24. b5 {Las blancas se deciden finalmente a romper la
estructura de la posición, una decisión que debe haber costado bastante tiempo,
porque la elección era muy amplia, pasando por la sólida y fuerte 24.Bf1 hasta
el avance a la quinta fila de cualquiera de los tres peones del flanco dama.
Aparentemente, el avance a c5 era más atractivo que este que efectúa Kasparov.}
a5 25. Nc6 Bxc6 26. bxc6 e5 $1 {Un maravilloso concepto defensivo} ({después de
} 26... Ne7 27. e5 dxe5 28. c5 bxc5 29. Nxc5 {
las negras tienen un peón de más pero su posición es precaria.}) 27. Bxb6 Ne7
$1 28. c5 d5 29. Bxc7 Qxc7 {Aunque parezca increible las negras se sostienen y
es difícil encontrar el camino hacia una ventaja amplia por parte de las
blancas. La partida se torna excitante, más si imaginamos que ambos rivales a
estas alturas estarían bastante cortos de tiempo.} 30. Rb7 Qxc6 31. Rb5 Ng6 32.
exd5 Nxd5 (32... Rxd5 {era también digna de consideración}) 33. Nf2 Ngf4 34.
Bf1 Ne6 35. Rxa5 Qc7 36. Rb5 Nd4 37. Rc4 $5 {A pocas jugadas del control
Kasparov se decide a sacrificar la calidad a cambio de conectar sus peones en
el flanco dama} Nxb5 38. axb5 Rb8 {
Los peones pasados parecen ciertamente atemorizantes} 39. b6 $6 {
Una decisión posiblemente prematura} Nxb6 40. cxb6 Qxb6 {Ambos GMs cumplen el
primer control y la posición es ligeramente mejor para las blancas. En
semejantes posiciones abiertas las torres son muy fuertes, por ello no es
tareas sencilla buscar la victoria con las dos piezas.} 41. Qe1 Rec8 42. Rxc8+
Rxc8 43. Ng4 Re8 {Después del cambio de un par de torres las posibilidades de
defensa aumentaron para las negras. Quizás Kasparov debió haber tratado de
mantener su torre sobre el tablero.} 44. Bd3 Qd4 45. Be4 f5 $1 {Kasparov debe
haber omitido esta jugada porque ahora son las negras las que luchan por la
iniciativa} 46. Bxf5 Ra8 47. Bb1 Qb2 48. h4 Ra1 49. Kh2 Qxb1 50. Qxe5 Qh1+ 51.
Kg3 Qe1+ 52. Qxe1 Rxe1 53. Kf4 Re2 54. Ne3 {Una jugada un tanto rara, no se me
ocurre que había de malo en jugar simplemente 54.g3} g6 {
Evitando el avance 55.h5} 55. g4 $6 {Otra jugada difícil de comprender, quizás
la falta de tiempo. De nuevo 55.g3 era muy natural, reservando la casilla g4
para el caballo y así presionar h6. Si las negras se vieran forzadas a avanzar
su peón a h5 la estructura sería pobre y las blancas sostendrían su posición
con facilidad.} Kf7 56. h5 g5+ 57. Ke4 Ke6 {
La posición se complica por momentos para las blancas.} 58. f4 Rf2 59. Nd5 gxf4
60. Nxf4+ Kf6 61. Ke3 Ra2 ({También interesante era} 61... Rf1 {y no me atrevo
a garantizar que las blancas se salven. Tanto en esta como en muchas otras
variantes las tablas se obtienen en la cuerda floja en el mejor de los casos.})
62. Nd3 Ra3 63. Ke4 Ra1 ({
Cualquier GM de mi nivel hubiera ido inmediatamente a atacar el peón con} 63...
Kg5 64. Ne5 (64. Nf2 {es demasiado pasiva}) 64... Ra7 {pero imagino que no
sería tan evidente pues de lo contrario Kramnik la hubiera jugado, con su
nivel de consumado finalista y campeón del mundo.}) 64. Kf4 Ra4+ 65. Kf3 Ra3
66. Ke4 Rb3 67. Nc5 Rb4+ 68. Kf3 Rb5 69. Ne4+ Ke5 70. g5 Rb4 71. Nf2 Rf4+ 72.
Kg3 1/2-1/2

[Event "Botvinnik Mem Match"]
[Site "Moscow RUS"]
[Date "2001.12.09"]
[Round "7"]
[White "Kramnik, Vladimir"]
[Black "Kasparov, Garry"]
[Result "0-1"]
[WhiteElo "2809"]
[BlackElo "2838"]
[Annotator "Rodríguez, Am"]
[PlyCount "68"]
[EventDate "2001.12.01"]
[EventType "team"]
[Source "EDAMI"]
[SourceDate "2006.12.20"]

{Esta fue una de las mejores victorias de Kasparov, si bien una buena parte
era teórica.} 1. d4 d5 2. c4 dxc4 3. Nf3 e6 4. e3 a6 5. Bxc4 c5 6. O-O Nf6 7.
Bb3 Nc6 8. Nc3 cxd4 9. exd4 Be7 10. Re1 O-O 11. Bf4 Na5 12. d5 Nxb3 13. Qxb3
Nxd5 $1 ({
A lo largo de este año pudimos ver varias partidas con la más prudente} 13...
exd5 {sin embargo ha quedado establecido que las blancas disfrutan de una
duradera iniciativa.}) 14. Rad1 Nxf4 $1 {Kasparov copia la idea que empleó
Shirov con éxito ante Gelfand durante el Mundial FIDE del año 2000 en la India.
} 15. Rxd8 Rxd8 16. Rd1 (16. g3 $6 Nd5 17. Nxd5 Rxd5 18. Qxd5 exd5 19. Rxe7 Kf8
20. Rc7 Bh3 21. Ng5 Rc8 22. Nxh7+ Ke8 23. Rxc8+ Bxc8 $17 {
Harikrishna,P-Ganguly,S/New Delhi 2001}) 16... Nd5 17. Ne5 {
Es aquí donde Kramnik se desvía de la citada partida.} (17. Nxd5 exd5 18. h3 b5
19. Rxd5 Be6 20. Rxd8+ Rxd8 21. Qc2 {1/2-1/2 Gelfand,B-Shirov,A/New Delhi 2000}
) 17... Bf6 18. Nc4 Rb8 19. Na5 Bd7 20. Ne4 ({En caso de} 20. Nxd5 exd5 {
debe notarse que no sirve} 21. Rxd5 $2 {por} b6 $1 {
y la posición blanca corre un serio peligro}) 20... Be7 21. Nc4 {Las blancas
admiten que su incursión por tierras lejanas no rindió ningún dividendo.} Bb5
22. Ne5 Be8 {La posición es en cierta manera similar a aquella alcanzada
después de la jugada 17, pero el alfil en e8 está mejor que en c8} 23. h3 {
En teoría las blancas disfrutan de una ligerísima ventaja ventarial, pero en
la práctica son las negras quienes tienen una posición con mayoresperspectivas.
A largo plazo no se ve que puedan hacer las blancas con su par de caballos,
pues los alfiles son muy poderosos.} b5 24. Qg3 Rbc8 25. Kh1 a5 26. h4 $6 {
Las últimas jugadas blancas responden a un plan dudoso pero cabe imaginar que
en una partida a 5 minutos no era nada sencillo jugar esta posición. En una
partida a tiempo normal Kramnik seguramente hubiera buscado el cambio de un
caballo y la partida hubiera terminado en tablas.} a4 27. Ng5 h6 28. Ngf3 Nf6
$5 {Una jugada con mucho criterio, cuando todos esperaban una penetración en
séptima Kasparov se percata de que tras el cambio de torres la debilidad en la
primera fila le dará una enorme ventaja.} 29. Rxd8 Rxd8 30. Qf4 Rd1+ 31. Kh2
Bd6 $1 {Esta poderosa clavada plantea demasiados problemas y resulta decisiva.}
32. g3 {Cierra una diagonal pero abre otra aún más dañina.} Bc6 $1 {
Las negras amenazan ganar un pieza tomando en e5.} 33. g4 Rd3 $1 {
Con este golpe sencillo termina la partida} 34. Kg1 Bxf3 0-1

[Event "Magistral de Pamplona"]
[Site "Pamplona"]
[Date "2001.01.02"]
[Round "6"]
[White "Bologan, Viktor"]
[Black "Fressinet, Laurent"]
[Result "1-0"]
[WhiteElo "2668"]
[BlackElo "2581"]
[Annotator "De la Riva, O"]
[PlyCount "79"]
[EventDate "2001.12.21"]
[EventType "game"]
[EventCountry "ESP"]
[Source "EDAMI"]
[SourceDate "2006.12.20"]

1. e4 c5 2. Nf3 d6 3. d4 cxd4 4. Nxd4 Nf6 5. Nc3 a6 6. f3 e5 7. Nb3 Be6 8. Be3
Be7 9. Qd2 O-O 10. O-O-O Nbd7 11. g4 Qc7 12. g5 Nh5 13. Kb1 b5 14. Nd5 Bxd5 15.
exd5 Nb6 16. Na5 Nxd5 17. Qxd5 Qxa5 18. c4 Qb4 {El GM moldavo Bologan realizó
un excelente torneo y en varias de sus partidas los espectadores pudieron
disfrutar de su estilo de juego. Una muestra es el abrazo posicional que
realizó a su rival en la siguiente posición. En una de las variantes de moda
del ataque inglés las blancas sacrifican un peón para obtener la pareja de
alfiles y el control de las casillas blancas. Más de uno se preguntará ?vale
la pena un peón por eso? Creo que Víctor les puede responder:} 19. Rg1 {
'En una partida anterior las blancas tomaron primero en b5, pero el orden de
jugadas usado por Bologan parece más exacto.'} Rab8 {'Tomar en c4 era la
alternativa aunque tras la captura con Bc4 las blancas tienen una excelente
compensación.'} 20. cxb5 axb5 21. a3 Qa4 (21... Qa5 22. Rg4 {
Para seguir con Rb4.}) 22. Rg4 Nf4 {'Las negras quieren abrir la diagonal
a1-h8 a cambio de estropear su estructura de peones.'} (22... b4 23. Rc1 Qd7 (
23... Nf4 24. Bxf4 exf4 (24... bxa3 $2 25. Bxe5) 25. Rxf4 $14) (23... Rfc8 24.
Rxc8+ Rxc8 25. Rxb4 Qc2+ 26. Ka2 $16) 24. axb4 $14) 23. Bxf4 exf4 24. Rd4 {'!'}
Qa5 (24... b4 25. Rdxf4 $14 {y el siguiente en caer será el de b4.}) 25. Re4 {
'!' 'Una jugada muy desagradable ya que ahora hay que retirar el alfil o dejar
indefenso el peón de b5.'} Qd8 (25... Bd8 26. Rgxf4 $14) (25... Qa7 26. Bxb5
$14) (25... Rfe8 $2 26. Rgxf4 $18) 26. Bxb5 {'+/-' 'Todas las piezas blancas
se encuentran ubicadas de manera excelente... en las casillas blancas.'} Kh8
27. Rexf4 {'Y de peón de menos a peón de ventaja. !Que facil es esto!'} Qb6 28.
a4 Qc5 29. Rd4 f5 {'Intentando ocupar la diagonal a1-h8 pero...'} (29... Rfc8
30. Qxc5 Rxc5 31. b4 $18) 30. Rg2 {'Las blancas no están por la labor.'} Rfc8
31. Qxc5 Rxc5 32. f4 {
'+-' 'Se acabó el posible contrajuego. El resto es sencillo.'} g6 33. b4 Rc3
34. Rc2 Rf3 35. Bc6 Rf1+ 36. Ka2 Bf8 37. b5 Bg7 {
'Al fin, pero demasiado tarde.'} 38. Rcd2 Bxd4 39. Rxd4 Rc1 40. a5 1-0

[Event "Chess Classic"]
[Site "Mainz"]
[Date "2002.08.16"]
[Round "3"]
[White "Ponomariov, Ruslan"]
[Black "Anand, Viswanathan"]
[Result "1-0"]
[WhiteElo "2743"]
[BlackElo "2755"]
[Annotator "Bologan, V"]
[PlyCount "87"]
[EventDate "2002.??.??"]
[EventType "game"]
[Source "EDAMI"]
[SourceDate "2006.12.20"]

1. e4 c5 {Habiendo sido bastante desafortunado con su apertura en la primera
partida, Vishy decide esta vez avanzar su peón "c" una casilla más.} 2. Nf3 Nc6
3. d4 cxd4 4. Nxd4 Nf6 5. Nc3 e5 {La variante Cheliabinsk sólo puede
encontrarse en las partidas de Anand con negras, en una ocasión, frente a
Kramnik en 1994. Pero naturalmente, tiene una extensa experiencia en jugarla
con blancas. Además, está muy de moda y recientemente tiene buenas
estadisticas para el bando negro.} 6. Ndb5 d6 7. Bg5 a6 8. Na3 b5 9. Bxf6 {
La continuación principial. Si las blancas quieren lograr algo positivo, deben
aceptar riegos también. En las líneas posicionales con 9.Nd5 seguido de Bxf6
las negras han encontrado formas convincentes para colocar confortablemente
sus piezas.} gxf6 10. Nd5 f5 11. Bd3 Be6 12. O-O Bxd5 13. exd5 Ne7 14. c3 Bg7
15. Qh5 e4 16. Bc2 {
En la mencionada partida de Dortmund, Kramnik retiró su alfil a e2} (16. Be2 {
y tras} Qd7 17. Rad1 Ng6 18. g3 O-O 19. Nc2 Rae8 20. Ne3 Re5 21. Qh3 Qc8 22.
Nc2 f4 23. Qxc8 Rxc8 24. f3 {!} exf3 25. Bxf3 fxg3 26. hxg3 Ree8 27. Nb4 a5 28.
Nc6 b4 29. cxb4 axb4 30. Rd2 $16 {
la estructura de peones resulta muy similar a la de la presente partida.})
16... O-O 17. Rae1 Qc8 18. Bb3 (18. Kh1 {
era mucho más popular, hasta que Leko incorporó su idea} Rb8 $1 {!Una mejora
extremadamente importante para su carrera!. Con esta jugada logró dos éxitos
frente a Shirov y Topalov en Dormund y se clasificó felizmente para el match
con Kramnik. Una de sus ideas es conservar el caballo en e7 hasta el último
momento, para mantener la posibilidad de tomar en d5.} 19. g4 (19. f3 b4 20.
Nb1 bxc3 21. bxc3 Bxc3 22. Nxc3 Qxc3 23. fxe4 f4 24. Bb3 Ng6 $15 {
Shirov-Leko. Dortmund 2002 (1/2 final)}) 19... b4 20. cxb4 Nxd5 21. gxf5 Kh8
22. Rg1 Bxb2 23. Qh6 Qc3 $1 {En ambas partidas Peter utilizó la gran diagonal,
tanto para el ataque como la defensa.} 24. Rxe4 Qf6 25. Qh3 Rg8 26. Rf1 Bxa3
27. Qxa3 Rbc8 28. Bd1 Nc3 29. Re3 d5 {Topalov, V-Leko, P. Dortmund 2002 (final)
}) 18... Ng6 19. Nc2 Re8 (19... Nf4 20. Qg5 Nd3 21. Ne3 $44) 20. f4 exf3 {
De otro modo, las blancas obtendrían una partida fácil con su caballo en e3.} (
20... Ne7 21. a3 a5 22. Rf2 $14) 21. Rxe8+ (21. Qxf3 f4 22. Nb4 Qc5+ 23. Kh1
Re3 24. Rxe3 Qxe3 25. Qd1 a5 26. Nd3 a4 27. Bc2 a3 $13 {
Van Den Doel, E-De Vreugt, D. Antwerpen 1998}) 21... Qxe8 22. Qxf3 f4 23. Re1
Qd7 {Novedad. Vishy aspira a un final donde los alfiles de diferente color le
ayuden a lograr el empate. Más agresivo es desarrollar la dama a g5, donde
puede amenazar la posición blanca.} (23... Qd8 $5 24. Qe4 Qg5 25. Rf1 Kf8 26.
Rf2 $14) 24. Nb4 a5 25. Nc6 Re8 26. Rxe8+ Qxe8 27. Kf1 $1 {Incluso con las
damas sobre el tablero, las reglas del final deben ser aplicadas.} b4 (27... a4
28. Bc2 Qe3 29. Qxe3 fxe3 30. Na7) 28. cxb4 axb4 29. Qe2 $1 {Lo más preciso.
Todo el juego de Ruslan en esta partida va orientado a neutralizar cualquier
posible actividad de las piezas negras.} Qd7 $4 {El error decisivo. Ya era la
tercera partida en el mismo dia y puede verse que Vishy estaba cansado.
Realizaba las jugadas como una ametralladora, y en el momento en que abandonó,
en su reloj le quedaban todavía 16 minutos de los 25 iniciales. Si hubiera
pensado un poco más, se hubiera dado cuenta que con damas iba a ser imposible
defender todas las debilidades.} (29... Qxe2+ 30. Kxe2 Bxb2 31. Nxb4 Kf8 32. a4
Bc3 33. Nc6 Ne5 34. Bc2 h6 {con buenas posibilidades de tablas.}) 30. Bc2 Ne5
31. Qe4 f3 $1 {Las negras no tienen mucho para elegir y ésta era la única
oportunidad de crear contrajuego.} 32. Qxh7+ Kf8 33. Qe4 $1 {
Protegiendo el rey.} fxg2+ 34. Kxg2 Ng4 $2 {Una pérdida de tiempo.} (34... Qg4+
35. Qxg4 Nxg4 36. Bb3 Bxb2 37. Nxb4 Ba3 38. Nc2 $16 {era seguramente la última
posibilidad del campeón mundial del 2000 para oponer alguna resistencia. Con
todo, el final es muy difícil para las negras, ya que cualquier cambio de
piezas llevaría a un final teóricamente perdido.}) 35. h3 Ne5 36. Ba4 Kg8 37.
Qxb4 $18 {Dos peones son dos peones.} Ng6 38. Bc2 Qe8 39. Qe4 Qa8 40. a4 Bxb2
41. Qg4 $1 Kh8 42. Bxg6 fxg6 {Y para terminar, una curiosa posición de estudio.
} 43. Qxg6 Qxa4 44. Ne7 $1 1-0

[Event "Foment open"]
[Site "ESP"]
[Date "2002.??.??"]
[Round "8"]
[White "Gonzalez Rodriguez, Jorge"]
[Black "Moskalenko, Viktor"]
[Result "0-1"]
[WhiteElo "2415"]
[BlackElo "2522"]
[Annotator "Moskalenko, V"]
[PlyCount "90"]
[EventDate "2002.??.??"]
[EventType "swiss"]
[Source "EDAMI"]
[SourceDate "2006.12.20"]

{Esta partida es una buena muestra para aprender algunas normas de estrategia.
Por ejemplo: qué es el bloqueo y desbloqueo y cómo luchar contra eso;
estructura de los peones y cómo encontrar un plan si no es una posición muy
conocida...} 1. b3 $5 {!Sobre gustos no hay disputas! Y es que mi rival casi
siempre utiliza esta variante, que por lo menos no es tan fácil de refutar.} d5
2. e3 Nf6 3. Bb2 g6 $5 ({más sólido} 3... e6) ({también es interesante} 3...
Bg4 $5) 4. Bxf6 exf6 5. d4 {Diagram # Aquí estamos. Sin ningún camino, ni
teoria. Ahora el que tiene ventaja es el jugador que entiende mejor las leyes
de la estrategia, es decir que en este tipo de posiciones lo más importante es
encontrar un plan correcto, y no solo una jugada.} Bd6 {Parece natural, pero
tal vez sea un poco mejor esperar con este alfil hasta el momento apropiado.}
6. g3 f5 7. Bg2 c6 8. Ne2 Nd7 (8... Be6 $5 {
dificultando el avance del peón a c4.}) 9. c4 Nf6 10. Nbc3 Be6 11. Qd3 a6 12.
O-O {Diagram # Esta es la posición crítica. Las blancas están a punto de
atacar en el centro y el flanco de dama. Además, tienen ventaja de espacio por
la estructura de los peones. Así pues, para las negras solo hay un camino.
!Venga!} h5 $1 13. Nf4 h4 $1 14. cxd5 cxd5 15. Ncxd5 ({Si} 15. Rac1 Ba3 $5 {
con idea} 16. Rc2 g5 $5 $36) 15... Nxd5 16. Nxd5 hxg3 17. hxg3 Bxg3 {Diagram #}
18. Nf6+ $1 (18. fxg3 Bxd5 19. e4 fxe4 20. Bxe4 f5 $1 {/\} 21. Bxd5 Qxd5 22.
Rae1+ Kd7 $5 $132) 18... Qxf6 19. fxg3 O-O-O $1 {
El rey no puede permanecer en el centro mucho más.} 20. Rac1+ (20. d5 Kb8 $1
$132) 20... Kb8 21. Rc5 $1 {Se mantiene la ventaja de las blancas} Qg5 $1 {
Diagram #} (21... g5 {es demasiado lento} 22. Rfc1 $36 {
con más posibilidades de atacar}) 22. Kf2 $6 {!Por fin! Creo que este es el
momento decisivo de la partida. A partir de aquí, las negras se hacen con la
iniciativa.} ({Las blancas podían jugar la bonita} 22. Qe4 $5 fxe4 23. Rxg5 Rd5
$1 {con un final casi igualado} 24. Rxd5 Bxd5 25. Rf4 f5 26. g4 Be6) (22. e4
Qe7 $5 {con contrajuego.}) 22... Rh2 $1 23. Rh1 (23. d5 $2 f4 $1 24. exf4 Rxd5
$1) 23... Rxh1 (23... Rxg2+ $2 24. Kxg2 Bd5+ 25. Rxd5 Rxd5 26. Rh8+ $14) 24.
Bxh1 Qe7 $5 {Para defender al rey, y preparar un ataque con los peones g5 y f4}
25. Qc3 g5 $1 26. d5 $6 {En d5 el peón está más activo, pero obstruye su alfil.
} (26. Qb4 $5) 26... Bd7 27. Bg2 Qd6 $1 {
La dama es el mejor bloqueador![Moskalenko]} 28. a4 f6 (28... Re8 $5 {/\f4!})
29. a5 f4 $6 {!Qué lástima! Es un error de cálculo. En los apuros del tiempo
siempre pasan cosas...} (29... Bb5 $5) (29... Re8 $36) 30. gxf4 $2 ({Con} 30.
exf4 $1 {se podía igualar la partida} gxf4 31. Rc4 $1 $11) 30... gxf4 31. e4
Rg8 $17 32. b4 Bb5 $138 33. Bf3 $2 {Con idea de bloquear, pero} ({era mejor} 
33. Bh3 Bd7 $17) 33... f5 $3 {Diagram # Un golpe muy fuerte. Ahora la posición
se abre y no hay defensa contra las numerosas amenazas.} 34. Rxb5 $5 axb5 35.
e5 Qh6 36. Bg2 Qh4+ 37. Kf1 Rc8 $1 $19 38. Qd2 Qg3 39. d6 f3 40. d7 Qxg2+ {
Suficiente para ganar pero  mejor.} (40... Rc1+ $1) 41. Qxg2 fxg2+ 42. Kxg2
Rc2+ 43. Kf3 Kc7 44. e6 Kd8 45. Kf4 Ke7 {Los observadores quedaron muy
contentos con esta partida, y yo también. Gracias a Jorge González!} 0-1